000 00346nam a22001457a 4500
008 230719b ||||| |||| 00| 0 eng d
020 _a9780889951914
041 _aeng
080 _a521
082 _a521BAS
100 _a18
101 _aASTRO
245 _aTHE LIFE AND TIMES OF THE OLDEST PIECE OF THE PLANET
_cBASTEDO.J
942 _2udc
_cBK
999 _c60168
_d60168